[Event "402 Stay Safe Play From Home series"]
[Site "Emanuel Lasker Arena"]
[Date "2020.08.21"]
[Round "7"]
[White "Schachwerk_64"]
[Black "Patzeroglu"]
[Result "1/2-1/2"]
[WhiteElo "1946"]
[BlackElo "1969"]
[Annotator "NA RC"]
[PlyCount "109"]
[EventDate "2020.08.21"]
[EventType "swiss (blitz)"]

1. e4 {[%emt 0:00:02]} c5 {[%emt 0:00:00]} 2. c3 {[%emt 0:00:04]} d5 {[%emt 0:00:04]} 3. exd5 {[%emt 0:00:01]} Nf6 {[%emt 0:00:31]} 4. c4 {[%emt 0:00:29]} e6 {[%emt 0:00:10]} 5. Nc3 {[%emt 0:00:03]} exd5 {[%emt 0:00:18]} 6. cxd5 {[%emt 0:00:04]} Nxd5 {[%emt 0:00:01]} 7. Bb5+ {[%emt 0:00:13]} Nc6 {[%emt 0:00:04]} 8. Qe2+ {[%emt 0:00:11]} Be7 {[%emt 0:00:03]} 9. Nf3 {[%emt 0:00:08]} Bg4 {[%emt 0:00:06]} 10. Qe4 {[%emt 0:00:19]} Be6 {[%emt 0:00:11]} 11. O-O {[%emt 0:00:08]} O-O {[%emt 0:00:05]} 12. Bxc6 {[%emt 0:00:17]} bxc6 {[%emt 0:00:00]} 13. d4 {[%emt 0:00:01]} Bf6 {[%emt 0:00:07]} 14. dxc5 {[%emt 0:00:07]} Nxc3 {[%emt 0:00:05]} 15. bxc3 {[%emt 0:00:01]} Bxc3 {[%emt 0:00:00]} 16. Rb1 {[%emt 0:00:01]} Bxa2 {[%emt 0:00:02]} 17. Rb7 {[%emt 0:00:04]} Bd5 {[%emt 0:00:03]} 18. Qg4 {[%emt 0:00:17]} a5 {[%emt 0:00:09]} 19. Bg5 {[%emt 0:00:13]} Qc8 {[%emt 0:00:02]} 20. Qxc8 {[%emt 0:00:15]} Rfxc8 {[%emt 0:00:00]} 21. Rc1 {[%emt 0:00:05]} Bb4 {[%emt 0:01:15]} 22. Bd2 {[%emt 0:00:14]} Rcb8 {[%emt 0:00:06]} 23. Rxb8+ {[%emt 0:00:17]} Rxb8 {[%emt 0:00:03]} 24. Rb1 {[%emt 0:00:06]} Rb5 {[%emt 0:00:02]} 25. Nd4 {[%emt 0:00:03]} Rxc5 {[%emt 0:00:03]} 26. Bxb4 {[%emt 0:00:02]} axb4 {[%emt 0:00:03]} 27. f3 {[%emt 0:00:02]} b3 {[%emt 0:00:03]} 28. Nxb3 {[%emt 0:00:02]} Rb5 {[%emt 0:00:03]} 29. Re1 {[%emt 0:00:02]} h5 {[%emt 0:00:03]} 30. Nd4 {[%emt 0:00:02]} Rb2 {[%emt 0:00:02]} 31. Rc1 {[%emt 0:00:03]} Rb6 {[%emt 0:00:05]} 32. Rc5 {[%emt 0:00:02]} g6 {[%emt 0:00:00]} 33. Kf2 {[%emt 0:00:02]} Kg7 {[%emt 0:00:01]} 34. Ke3 {[%emt 0:00:01]} Kf6 {[%emt 0:00:00]} 35. Ne2 {[%emt 0:00:02]} Rb3+ {[%emt 0:00:02]} 36. Nc3 {[%emt 0:00:02]} Ke5 {[%emt 0:00:07]} 37. Kd3 {[%emt 0:00:04]} Ra3 {[%emt 0:00:06]} 38. Kc2 {[%emt 0:00:04]} Kd6 {[%emt 0:00:01]} 39. Rxd5+ {[%emt 0:00:05]} cxd5 {[%emt 0:00:02]} 40. Nb5+ {[%emt 0:00:01]} Ke5 {[%emt 0:00:02]} 41. Nxa3 {[%emt 0:00:01]} h4 {[%emt 0:00:00]} 42. Kd2 {[%emt 0:00:01]} h3 {[%emt 0:00:02]} 43. gxh3 {[%emt 0:00:01]} Kf4 {[%emt 0:00:01]} 44. Ke2 {[%emt 0:00:01]} d4 {[%emt 0:00:00]} 45. Nc2 {[%emt 0:00:04]} d3+ {[%emt 0:00:00]} 46. Kxd3 {[%emt 0:00:01]} Kxf3 {[%emt 0:00:00]} 47. Nd4+ {[%emt 0:00:04]} Kg2 {[%emt 0:00:02]} 48. h4 {[%emt 0:00:04]} Kxh2 {[%emt 0:00:02]} 49. Nf3+ {[%emt 0:00:01]} Kg3 {[%emt 0:00:01]} 50. Ke4 {[%emt 0:00:01]} f6 {[%emt 0:00:01]} 51. Ke3 {[%emt 0:00:02]} f5 {[%emt 0:00:01]} 52. Ke2 {[%emt 0:00:02]} f4 {[%emt 0:00:01]} 53. Ne5 {[%emt 0:00:02]} Kxh4 {[%emt 0:00:13]} 54. Nxg6+ {[%emt 0:00:01]} Kg3 {[%emt 0:00:01]} 55. Nxf4 {[%emt 0:00:01] (Lag: Av=1.46s, max=4.9s) (Lag: Av=1.46s, max=4.9s) (Lag: Av=1.46s, max=4.9s)} 1/2-1/2

[Event "402 Stay Safe Play From Home series"]
[Site "Emanuel Lasker Arena"]
[Date "2020.08.21"]
[Round "7"]
[White "Shakh"]
[Black "Ionelluca"]
[Result "0-1"]
[WhiteElo "1759"]
[BlackElo "2039"]
[Annotator "TA"]
[PlyCount "72"]
[EventDate "2020.08.21"]
[EventType "swiss (blitz)"]

{[%evp 9,72,60,68,-13,34,22,87,83,93,23,40,47,33,31,38,-25,3,-53,0,-21,0,-30,134,-19,-24,-64,0,-21,-21,-45,-42,-46,-53,-67,-48,-91,-25,-190,-172,-193,-212,-204,-208,-266,-234,-241,-148,-196,-114,-237,-112,-86,-115,-99,-22,-44,92,90,95,75,395,394,361,74,242]} 1. d4 Nf6 2. c4 e6 3. g3 c5 4. d5 b5 5. dxe6 fxe6 6. cxb5 {A60: Modern Benoni: Early Divergences.} (6. Bg2 $14 d5 7. cxd5 exd5 8. Nc3) 6... Bb7 7. Nf3 d5 (7... a6 $11) 8. a4 a6 9. bxa6 (9. Bh3 $16) 9... Nxa6 10. Bg2 Bd6 11. O-O O-O {[#]} 12. h4 $146 (12. Nc3 $14) ({Predecessor:} 12. Nc3 e5 13. e4 Nb4 14. exd5 Ba6 15. Ng5 Qb6 16. Be3 h6 17. Ne6 Rfc8 18. Qd2 {1-0 (34) Lodhi,M (2396)-Saravana,K (2261) New Delhi 2007}) 12... Qb6 13. Ng5 (13. Nc3 $11) 13... Rfe8 (13... Nc7 $15) 14. a5 Qd8 15. Nc3 Bc6 $2 (15... h6 $11 16. Nf3 Bc6) 16. Nh3 $2 ({White should play} 16. e4 $1 $16 {[%cal Re4d5]} d4 17. e5 $1 {[%mdl 576] Double Attack, Discovered Attack} Bxg2 18. exf6 gxf6 19. Kxg2 dxc3 20. Ne4) 16... Nb4 $11 17. Bf4 Bf8 ({Black should try} 17... e5 $15 18. Bg5 e4) 18. Bg5 (18. e4 $5) 18... Rxa5 19. Rxa5 Qxa5 20. Bxf6 gxf6 21. e4 {[%cal Re4d5]} d4 $36 {[%mdl 2048] White is under pressure.} 22. Qg4+ Bg7 (22... Kh8 $17 23. e5 Bxg2 24. exf6 Bxh3) 23. Ne2 $2 (23. Nf4 $11 {and White stays safe.} Qa7 24. Nb1) 23... Nd3 24. Nef4 Ne5 25. Qh5 c4 26. Qd1 Qb6 27. Nh5 Bh8 ({Not} 27... Qxb2 28. f4 $17) 28. Qd2 Nf7 (28... d3 $19 29. Qh6 Qd8) 29. N3f4 (29. Rc1 $17 {was necessary.}) 29... e5 (29... d3 $19 30. Rb1 Ne5) 30. Nd5 $17 Bxd5 $1 31. exd5 {[#]} Qc5 (31... f5 $1 $17 {aiming for ...d3.} 32. Rc1 Qb5) 32. Qe2 {White wants to play Qg4+.} d3 (32... f5 $15 {keeps the upper hand.} 33. Bh3 Qc8) 33. Qg4+ $16 Kf8 {[#]} 34. Qf5 $1 Qd6 $2 {[%mdl 8192]} (34... Rb8 $16) 35. Qxh7 $18 Rb8 36. Qf5 $2 (36. Be4 $18 {and White stays clearly on top. And now Bg6 would win.} f5 37. Qxf5) 36... Ke7 $2 {[%mdl 32768] Accuracy: White = 43%, Black = 28%. . Sensor Board Error (Ke4/e5)?} (36... Qe7 $16) 0-1

[Event "402 Stay Safe Play From Home series"]
[Site "Emanuel Lasker Arena"]
[Date "2020.08.21"]
[Round "7"]
[White "Kongle"]
[Black "Timbre"]
[Result "0-1"]
[WhiteElo "1700"]
[BlackElo "1625"]
[Annotator "NA RC"]
[PlyCount "162"]
[EventDate "2020.08.21"]
[EventType "swiss (blitz)"]

1. d4 {[%emt 0:00:02]} d5 {[%emt 0:00:21]} 2. c4 {[%emt 0:00:00]} c6 {[%emt 0:00:01]} 3. Nc3 {[%emt 0:00:02]} Nf6 {[%emt 0:00:02]} 4. Bg5 {[%emt 0:00:03]} Bf5 {[%emt 0:00:03]} 5. e3 {[%emt 0:00:01]} e6 {[%emt 0:00:01]} 6. a3 {[%emt 0:00:03]} Bd6 {[%emt 0:00:03]} 7. cxd5 {[%emt 0:00:02]} exd5 {[%emt 0:00:02]} 8. Nf3 {[%emt 0:00:01]} O-O {[%emt 0:00:03]} 9. Bd3 {[%emt 0:00:02]} Bg6 {[%emt 0:00:02]} 10. Bxg6 {[%emt 0:00:03]} hxg6 {[%emt 0:00:02]} 11. O-O {[%emt 0:00:06]} Nbd7 {[%emt 0:00:01]} 12. b4 {[%emt 0:00:03]} a6 {[%emt 0:00:02]} 13. Rc1 {[%emt 0:00:04]} Nb6 {[%emt 0:00:01]} 14. Ne5 {[%emt 0:00:05]} Qe7 {[%emt 0:00:07]} 15. Qf3 {[%emt 0:00:02]} Bxe5 {[%emt 0:00:03]} 16. dxe5 {[%emt 0:00:02]} Qxe5 {[%emt 0:00:01]} 17. Bf4 {[%emt 0:00:04]} Qe6 {[%emt 0:00:05]} 18. a4 {[%emt 0:00:04]} Nc4 {[%emt 0:00:02]} 19. h3 {[%emt 0:00:10]} Nd2 {[%emt 0:00:02]} 20. Qe2 {[%emt 0:00:05]} Nxf1 {[%emt 0:00:02]} 21. Qxf1 {[%emt 0:00:05]} Ne4 {[%emt 0:00:02]} 22. Ne2 {[%emt 0:00:03]} Rae8 {[%emt 0:00:10]} 23. Nd4 {[%emt 0:00:02]} Qd7 {[%emt 0:00:05]} 24. Qd3 {[%emt 0:00:04]} g5 {[%emt 0:00:05]} 25. Bh2 {[%emt 0:00:04]} g4 {[%emt 0:00:02]} 26. hxg4 {[%emt 0:00:02]} Qxg4 {[%emt 0:00:10]} 27. f3 {[%emt 0:00:01]} Qh5 {[%emt 0:00:03]} 28. fxe4 {[%emt 0:00:04]} Rxe4 {[%emt 0:00:03]} 29. Nf3 {[%emt 0:00:07]} Rfe8 {[%emt 0:00:04]} 30. Kf2 {[%emt 0:00:13]} Rxb4 {[%emt 0:00:08]} 31. a5 {[%emt 0:00:06]} Rbe4 {[%emt 0:00:07]} 32. Bg3 {[%emt 0:00:04]} Qh6 {[%emt 0:00:03]} 33. Bf4 {[%emt 0:00:04]} Qe6 {[%emt 0:00:02]} 34. Ng5 {[%emt 0:00:04]} Qg6 {[%emt 0:00:07]} 35. Nxe4 {[%emt 0:00:02]} Rxe4 {[%emt 0:00:03]} 36. Rb1 {[%emt 0:00:04]} Re7 {[%emt 0:00:09]} 37. Qxg6 {[%emt 0:00:05]} fxg6 {[%emt 0:00:01]} 38. Bg5 {[%emt 0:00:02]} Rd7 {[%emt 0:00:02]} 39. Kf3 {[%emt 0:00:02]} Kf7 {[%emt 0:00:01]} 40. Bf4 {[%emt 0:00:02]} Ke6 {[%emt 0:00:01]} 41. g4 {[%emt 0:00:02]} Kf6 {[%emt 0:00:03]} 42. Rb2 {[%emt 0:00:04]} Ke6 {[%emt 0:00:02]} 43. Rb6 {[%emt 0:00:02]} Rf7 {[%emt 0:00:05]} 44. Kg3 {[%emt 0:00:03]} g5 {[%emt 0:00:05]} 45. Bxg5 {[%emt 0:00:02]} Ke5 {[%emt 0:00:03]} 46. Bf4+ {[%emt 0:00:05]} Ke4 {[%emt 0:00:02]} 47. Rb4+ {[%emt 0:00:01]} Kd3 {[%emt 0:00:02]} 48. Rd4+ {[%emt 0:00:01]} Kc3 {[%emt 0:00:02]} 49. Rd1 {[%emt 0:00:02]} Kc4 {[%emt 0:00:02]} 50. Rb1 {[%emt 0:00:02]} Kd3 {[%emt 0:00:03]} 51. Rb2 {[%emt 0:00:04]} d4 {[%emt 0:00:01]} 52. exd4 {[%emt 0:00:02]} Kxd4 {[%emt 0:00:02]} 53. Rb4+ {[%emt 0:00:02]} Kd5 {[%emt 0:00:03]} 54. Rb2 {[%emt 0:00:03]} Ke4 {[%emt 0:00:02]} 55. Re2+ {[%emt 0:00:04]} Kd3 {[%emt 0:00:01]} 56. Re3+ {[%emt 0:00:02]} Kd4 {[%emt 0:00:02]} 57. Rb3 {[%emt 0:00:04]} Kc4 {[%emt 0:00:03]} 58. Rb1 {[%emt 0:00:02]} Kd3 {[%emt 0:00:03]} 59. Bd6 {[%emt 0:00:02]} Ke2 {[%emt 0:00:04]} 60. Rh1 {[%emt 0:00:05]} Ke3 {[%emt 0:00:03]} 61. g5 {[%emt 0:00:02]} Rf3+ {[%emt 0:00:05]} 62. Kg4 {[%emt 0:00:01]} Rf7 {[%emt 0:00:02]} 63. Rh7 {[%emt 0:00:05]} Ke4 {[%emt 0:00:03]} 64. Bb8 {[%emt 0:00:07]} c5 {[%emt 0:00:03]} 65. g6 {[%emt 0:00:02]} Rd7 {[%emt 0:00:03]} 66. Ba7 {[%emt 0:00:07]} c4 {[%emt 0:00:01]} 67. Rh4 {[%emt 0:00:09]} c3 {[%emt 0:00:02]} 68. Kg5+ {[%emt 0:00:01]} Kd3 {[%emt 0:00:07]} 69. Rh3+ {[%emt 0:00:03]} Kc2 {[%emt 0:00:02]} 70. Rh4 {[%emt 0:00:02]} Kb2 {[%emt 0:00:02]} 71. Rc4 {[%emt 0:00:03]} c2 {[%emt 0:00:02]} 72. Rb4+ {[%emt 0:00:08]} Kc3 {[%emt 0:00:02]} 73. Rf4 {[%emt 0:00:25]} c1=Q {[%emt 0:00:02]} 74. Bb8 {[%emt 0:00:03]} Rd5+ {[%emt 0:00:06]} 75. Kg4 {[%emt 0:00:11]} Qg1+ {[%emt 0:00:03]} 76. Kh4 {[%emt 0:00:04]} Qxg6 {[%emt 0:00:02]} 77. Rf3+ {[%emt 0:00:04]} Kc4 {[%emt 0:00:02]} 78. Rf4+ {[%emt 0:00:03]} Kb5 {[%emt 0:00:03]} 79. Rg4 {[%emt 0:00:04]} Rh5+ {[%emt 0:00:03]} 80. Kg3 {[%emt 0:00:01]} Qd3+ {[%emt 0:00:03]} 81. Kf4 {[%emt 0:00:01]} Rf5# {[%emt 0:00:06] (Lag: Av=0.94s, max=2.0s) (Lag: Av=0.94s, max=2.0s) (Lag: Av=0.94s, max=2.0s)} 0-1